Invertebrats del mar de Sitges : recull il·lustrat d'espècies / coordinació: José Ma. Asensi ; il·lustració: Romà Montull ; versió catalana: Xavier Cervera recull il·lustrat d'espècies / coordinació:
ISBN:
84-505-0722-7
Descripción Física:
54 p. : il. ; 30 cm
Colección:
Materials didàctics ; 8
MARC
| LEADER | 00000nam a2200000Ia 4500 | ||
|---|---|---|---|
| 001 | 1584 | ||
| 003 | BGR | ||
| 005 | 20260324175722.0 | ||
| 008 | 160829s9999 xx 000 0 cat d | ||
| 020 | |a 84-505-0722-7 | ||
| 080 | |a C-1-33 | ||
| 245 | |a Invertebrats del mar de Sitges : |b recull il·lustrat d'espècies / coordinació: |b José Ma. Asensi ; il·lustració: |b Romà Montull ; versió catalana: |b Xavier Cervera | ||
| 260 | |a Barcelona : |b Diputació de Barcelona. Servei del Medi Ambient, dl 1984 | ||
| 300 | |a 54 p. : |b il. ; |c 30 cm | ||
| 490 | |a Materials didàctics ; 8 | ||
| 650 | |a Peixos |x Sitges |9 39002 | ||
| 650 | |a Invertebrats |x Sitges |9 39003 | ||
| 700 | 1 | |a Asensi, José Ma. |9 39004 | |
| 700 | |a Montull, Romà, il. |9 39005 | ||
| 700 | |a Cervera, Xavier, tr. I |9 39006 | ||
| 710 | 1 | |a Barcelona (Catalunya : Província). |b Servei de Medi Ambient |9 53475 | |
| 901 | |a Arxiu | ||
| 942 | |n 1 |2 udc |c MON | ||
| 952 | |0 0 |1 0 |4 0 |6 C133 |7 1 |9 48743 |a Arxiu |b Arxiu |d 2016-12-01 |l 0 |o C-1-33 |p 1584 |r 2016-12-01 00:00:00 |w 2016-12-01 |y ARXIU | ||
| 999 | |c 52574 |d 52574 | ||